000
00334nam a2200157Ia 4500
003
IT-RoPAU
008
120407s9999 xx 000 0 und d
040
_a
IT-RoPAU
040
_c
IT-RoPAU
100
_a
Friedrich W. Nietzsche
245
_a
La volontà di potenza
260
_a
Bocca
300
_c
cm
490
_v
1
942
_c
BK
999
_c
1313
_d
1313